000 01004nam a2200313 i 4500
001 192683
003 SpMaBN
005 20240528062746.0
008 230512s2018 sp | |||| 000 p spa
017 _aM 11817-2015
_bOficina Depósito Legal Madrid
020 _a9788499463841
035 _a(OCoLC)927737963
040 _aSpMaBN
_bspa
_cES-MaACL
_erda
080 _a821.134.2-14"19"
100 1 _aSoto González, María
_9174307
_eaut
245 1 0 _aVoces amigas /
_cMaría Soto
250 _a3ª edición, septiembre de 2018
264 1 _aMadrid :
_bEdición Personal,
_c2018
300 _a46 páginas ;
_c21 cm
336 _aTexto (visual)
_2isbdcontent
337 _asin mediación
_2isbdmedia
500 _aÍndice
655 7 _aPoesías
_2tgfbne
_9176539
852 _aES-MaACL
_bR.152373
_cDEPOJ
_hDonación: María Soto González
_jN-8317
_9199979
903 _aSoto González, María,
_ednr
942 _cMONOGRAFIA
_n0
999 _c192683
_d192683